LDR 00797naa#a2200169#i#450# 001 RU\\bibl\122932 005 20260702011037.4 011 ## _a2686-9896 100 ## _a20260515b2026####ek#y0rusy0150####ca 102 ## _aRU 200 1# _aОБРАЗОВАНИЕ СЛЕДОВ ДАВЛЕНИЯ И ЗОН РАЗРЕЖЕНИЯ В ЗАЗОРЕ _eЖурнальная статья 210 1# _aАнгарск _cФГБОУ ВО "Ангарский государственный технический университет" _d2026 215 ## _a2 с. 608 ## _aЖурнальная статья _2local 675 ## _aНаука в целом. Науковедение. Организация умственного труда. 001 _z 700 #1 _aЧерепанов _gАнатолий Петрович 856 4# _aangtu.editorum.ru _u